Culture Générale - Série 959 - Statistiques

Statistiques générales
  • Ce quiz a été pris 85 fois
  • Le résultat moyen est 3 sur 10
Statistiques - réponses
Question Réponse % Correct
Dans quel pays européen se trouve la ville de Gand ? Belgique
83%
Quelle est la capitale du sultanat d'Oman ? Mascate
57%
Quel est le nom ancien et poétique de l'Irlande ? Erin
44%
Ce terme populaire employé essentiellement en Provence est utilisé pour parler d'un enfant, d'un petit garçon. minot
35%
Dans quelle ville est né le chanteur populaire Joe Dassin ? New York
31%
Dans quelle département se trouve la ville de Sassenage, célèbre pour son fromage bleu du Vercors ? Isère
30%
Quelle espèce d'oiseau est le pilet ? canard
16%
Dans le lycée de quelle ville française Jean Jaurès a-t-il été élève, puis professeur ? Albi
13%
Qui a remporté le 1er tour de France cycliste en 1903 ? Le vélodrome de Lens porte son nom Maurice Garin
8%
Dans la série télévisée "Nos chers voisins", quel personnage y joue Esther Joy ? Chloé
6%
Aucun quiz correspondant
Distribution des résultats
% des personnes avec chaque résultat
Percentile par nombre de réponses
Votre historique - résultats
Vous n’avez pas pris ce quiz